|
|
|
|
| LEADER |
00911cam a2200241 7i4500 |
| 001 |
0000034634 |
| 005 |
20170509090000.0 |
| 008 |
110414 eng |
| 020 |
|
|
|a 9781593394295 (hbk.)
|
| 040 |
|
|
|a DLC
|
| 090 |
0 |
0 |
|a QC981.8.C5
|b E25 2008
|
| 245 |
0 |
0 |
|a Earth's changing environment
|c Compton's by Britannica.
|
| 260 |
|
|
|a Chicago:
|b Encyclopedia Britannica,
|c 2008.
|
| 300 |
|
|
|a vi, 122 p.:
|b col. ill., col. maps;
|c 26 cm.
|
| 490 |
0 |
|
|a Learn & explore
|
| 504 |
|
|
|a Includes bibliographical references and index
|
| 650 |
0 |
0 |
|a Pollution --
|x Environmental aspects
|
| 650 |
0 |
0 |
|a Climatic changes
|
| 650 |
0 |
0 |
|a Global warming
|
| 650 |
0 |
0 |
|a Environmental responsibility
|
| 997 |
|
|
|a Engineering & Life Sciences, Faculty
|b Science & Biotechnology, Department
|
| 999 |
|
|
|a 0000043867
|b BOK
|c REFERENCE
|e Ground Floor, Bestari Jaya
|
| 999 |
|
|
|a 0000043868
|b BOK
|c OPEN SHELF
|e 2nd Floor, Bestari Jaya
|